| 000 | 00361 a2200145 4500 | ||
|---|---|---|---|
| 999 |
_c321142 _d321142 |
||
| 001 | 86069 | ||
| 003 | NUST | ||
| 005 | 20180120160847.0 | ||
| 008 | 180120b xxu||||| |||| 00| 0 eng d | ||
| 020 | _a0060935839 | ||
| 082 | _a291.44 DYE | ||
| 100 |
_aWayne W. Dyer _99302 |
||
| 245 | _aYour Sacred Self : Making the Decision to be Free | ||
| 260 |
_aNew York _bQuill _c2001 |
||
| 300 | _axiii 380p. | ||
| 500 | _aPAF Book Club | ||
| 942 |
_aCAE NUST _cBK _k291.44 DYE _2ddc |
||